00653nam a2200181 a 450000100100000000500170001000800410002702000150006804000250008310000270010824500380013526000490017330000300022250000210025250000760027395201050034999900170045400004304820201002040610.0140218s2001 xxuc 001 0 spa d a1584790261 aDO-SdBNPbspacBNPHU1 aPeterson, James97057210aSimply salmon. /cJames Peterson. aNew York, :bStewart, Tabori & chang,c2001. a160 p :bretrs. ;c25 cm. aIncluye índice aIncluye datos biografícos del autor en la solapa de la contraportada. 001050718MOaGRbGRcCTd2014-02-18iLF1l0o p43048-10r2020-06-25w2020-06-25y1ZNo se presta c42537d42537